Face to face with Indian publishing professionals: (Record no. 152886)

MARC details
000 -LEADER
fixed length control field 00623nam a22001937a 4500
005 - DATE AND TIME OF LATEST TRANSACTION
control field 20180621110459.0
010 ## - LCCN (DPL NO)
LC control number ENG-123266
020 ## - INTERNATIONAL STANDARD BOOK NUMBER
International Standard Book Number 9788120771741
Terms of availability 300.00
035 ## - SYSTEM CONTROL NUMBER
System control number EN-106798
037 ## - SOURCE OF ACQUISITION
Source of stock number/acquisition DBAD/PUB
082 ## - DEWEY DECIMAL CLASSIFICATION NUMBER
Classification number 070.50954
100 ## - MAIN ENTRY--PERSONAL NAME
Personal name Ghai, S.K.
245 ## - TITLE STATEMENT
Title Face to face with Indian publishing professionals:
Statement of responsibility, etc by S. K. Ghai
Remainder of title a collection of interviews /
260 ## - PUBLICATION, DISTRIBUTION, ETC. (IMPRINT)
Place of publication, distribution, etc New Delhi
Name of publisher, distributor, etc Institute of Book Publishing
Date of publication, distribution, etc 2012
270 ## - ADDRESS
Address A-59, Okhla Industrial Area, Phase-II,
City New Delhi
300 ## - PHYSICAL DESCRIPTION
Extent 172p.
Dimensions 21cm(pbk)
500 ## - GENERAL NOTE
General note It includes index
942 ## - ADDED ENTRY ELEMENTS (KOHA)
Source of classification or shelving scheme Dewey Decimal Classification
Item type English Books
Call number suffix GHA
Classification part 070.50954
Holdings
Withdrawn status Lost status Not for loan Collection code Home library Current library Date acquired Source of acquisition Cost, normal purchase price Full call number Barcode Copy number Cost, replacement price Koha item type
    Not For Loan Non-fiction D.B.Act.Division Bawana 20/06/2018 DBAD/PUB 300.00 070.50954 GHA EN-106798 1 300.00 English Books

© Delhi Public Library
Hit Counter
free hit counter